Kuroko no basket abilities - Statistics

General Stats
  • This quiz has been taken 116 times
  • The average score is 8 of 23
Answer Stats
Hint Answer % Correct
Misdirection, vanishing drive, ignite pass, ignite pass kaiphantom shot, quasi emperor eye, cyclone pass, lateral long pass, misdirection overflow Tetsuya Kuroko
99%
Zone, super jump, meteor jam, self alley-oop,animal instinct, air walk, super wide range defence, direct drive zone Taiga Kagami
96%
Right of postponement, vice claw Teppei Kiyoshi
68%
Eagle eye, eagle spear Shun Izuki
61%
Barrier jumper, Earth (copied SG of theuncrowned kings) Junpei Hyuga
60%
Normal copy, perfect copy, combining skills of perfect copy,zone Ryota Kise
47%
Agility, change of pace, animal instinct, zone, formless shots, streetball Daiki Aomine
41%
High projectile threes from half-court and
full court, sky direct three
Shintaro Midorima
41%
Emperor's eye, zone, ankle-break, completed emperor eyeultimate passes, super wide range defense, streetball Seijuro Akashi
34%
Thor's hammer, zone, ultra wide defense, vice claw Atsushi Murasakibara
33%
Streetball, motionless pass, ankle break,belial eye Nash Gold Jr.
27%
High quality fake, mirage shot Tatsuya Himuro
26%
Heaven shot, Earth shot, Oblivion/void shot, zone Reo Mibuchi
24%
Body chosen by God himself, two-handedwindmill dunk, animal instinct Jason Silver
22%
Lightning dribble (stages 1-5), animal instincts, zone Kotaro Hayama
22%
Hawk eye Kazunari Takao
21%
Spider's web, teardrop, steals Makoto Hanamiya
16%
Pillage Shogo Haizaki
16%
Turnaround, speedy drive, Yukio Kasamatsu
13%
Quick release shot Ryo Sakurai
10%
Psychological tactics Shoichi Imayoshi
9%
Muscle series (dribble, dunk, rebound) Ekichi Nebuya
6%
Unorthodox shot Yoshitaka Moriyama
4%
No matching quizzes found
Score Distribution
Percent of People with Each Score
Percentile by Number Answered
Your Score History
You have not taken this quiz